[Event "Lions Cup Rotterdam"]
[Site "SchemingMind.com"]
[Date "2013.09.03"]
[Round "-"]
[White "NYNH"]
[Black "A330"]
[Result "0-1"]
[WhiteCountry "USA"]
[BlackCountry "ENG"]
[WhiteElo "1947"]
[WhiteRD "68"]
[BlackElo "2047"]
[BlackRD "62"]
[GameID "337697"]

1. d4 Nf6 2. c4 g6 3. g3 Bg7 4. Bg2 O-O 5. Nc3 d6 6. Nf3 Nbd7 7. O-O e5 8. e4 c6 9. h3 Re8 10. Be3 a6
11. Qc2 exd4 12. Nxd4 Qe7 13. Rad1 Nc5 14. Rfe1 Nfd7 15. f4 a5 16. b3 Nb6 17. Bf2 a4 18. b4 Na6 19. Nxc6 bxc6 20. Bxb6 Nxb4
21. Qb2 Nxa2 22. Qxa2 Bxc3 23. Re3 Bg7 24. e5 Qb7 25. c5 Be6 26. Qa3 dxe5 27. fxe5 Bd5 28. Bxd5 cxd5 29. Rde1 d4 30. R3e2 Bh6
31. e6 Be3+ 32. Rxe3 dxe3 33. exf7+ Qxf7 34. Rxe3 Rxe3 35. Qxe3 a3 36. c6 a2 37. Bd4 a1=Q+
0-1

[Event "Lions Cup Rotterdam"]
[Site "SchemingMind.com"]
[Date "2013.09.03"]
[Round "-"]
[White "A330"]
[Black "NYNH"]
[Result "1-0"]
[WhiteCountry "ENG"]
[BlackCountry "USA"]
[WhiteElo "2047"]
[WhiteRD "62"]
[BlackElo "1947"]
[BlackRD "68"]
[GameID "337699"]

1. e4 c5 2. Nf3 d6 3. d4 cxd4 4. Nxd4 Nf6 5. Nc3 a6 6. Be3 e5 7. Nb3 Be6 8. Nd5 Nbd7 9. f3 Nxd5 10. exd5 Bf5
11. Bd3 Bxd3 12. Qxd3 Be7 13. O-O O-O 14. f4 Qc7 15. c4 Rfc8 16. Rac1 exf4 17. Bxf4 Bf6 18. c5 Nxc5 19. Nxc5 Qb6 20. Bxd6 Qxd6
21. b4 a5 22. Kh1 axb4 23. Ne4 Qe5 24. Rxc8+ Rxc8 25. Nxf6+ gxf6 26. d6 Rd8 27. Rd1 Qc3 28. Qe2 Qe5 29. Qg4+ Kh8 30. Qxb4 b5
31. d7 Kg7 32. h3 Qe2 33. Re1 Qc4 34. Qd6 Qxa2 35. Re8 Qa8 36. Qf8+ Kg6 37. Rxd8
1-0

[Event "Lions Cup Rotterdam"]
[Site "SchemingMind.com"]
[Date "2013.09.03"]
[Round "-"]
[White "soikins"]
[Black "A330"]
[Result "1/2-1/2"]
[WhiteCountry "LAT"]
[BlackCountry "ENG"]
[WhiteElo "2218"]
[WhiteRD "87"]
[BlackElo "2047"]
[BlackRD "62"]
[GameID "337731"]

1. d4 d5 2. Nf3 Nf6 3. c4 e6 4. Nc3 Be7 5. Bg5 O-O 6. e3 Nbd7 7. Rc1 c6 8. Bd3 dxc4 9. Bxc4 Nd5 10. Bxe7 Qxe7
11. O-O Nxc3 12. bxc3 e5 13. Qe2 e4 14. Nd2 Nf6 15. f3 b5 16. Bb3 Bf5 17. fxe4 Bxe4 18. Nxe4 Nxe4 19. Rf5 Rae8 20. Rcf1 Nxc3
21. Qf2 Nd5 22. Bxd5 cxd5 23. Rxd5 a6= 24. Re5 Qd7 25. Rf5 Re7 26. Rg5=
1/2-1/2

[Event "Lions Cup Rotterdam"]
[Site "SchemingMind.com"]
[Date "2013.09.03"]
[Round "-"]
[White "NYNH"]
[Black "soikins"]
[Result "1/2-1/2"]
[WhiteCountry "USA"]
[BlackCountry "LAT"]
[WhiteElo "1947"]
[WhiteRD "68"]
[BlackElo "2218"]
[BlackRD "87"]
[GameID "337732"]

1. d4 Nf6 2. c4 e6 3. g3 d5 4. Nf3 c5 5. cxd5 exd5 6. Bg2 Nc6 7. O-O Be7 8. Nc3 O-O 9. dxc5 Bxc5 10. Na4 Be7
11. Be3 Bg4 12. Rc1 Ne4 13. Nd4 Nxd4 14. Bxd4 Bg5 15. Rc2 Bf5 16. e3 Be7 17. Rc1 Re8 18. Nc5 Nxc5 19. Bxc5 Be4 20. Bxe7 Qxe7
21. Qd4 b6 22. Rfe1 Rac8 23. a3=
1/2-1/2

[Event "Lions Cup Rotterdam"]
[Site "SchemingMind.com"]
[Date "2013.09.09"]
[Round "-"]
[White "ironchefnorse"]
[Black "NYNH"]
[Result "1-0"]
[WhiteCountry "USA"]
[BlackCountry "USA"]
[WhiteElo "2447"]
[WhiteRD "99"]
[BlackElo "1947"]
[BlackRD "68"]
[GameID "337815"]

1. d4 Nf6 2. c4 e6 3. Nc3 Bb4 4. e3 O-O 5. Bd3 c5 6. Nf3 Nc6 7. O-O d5 8. a3 Bxc3 9. bxc3 Qc7 10. cxd5 exd5
11. a4 Re8 12. Ba3 c4 13. Bc2 Qa5 14. Qc1 Bg4 15. Rb1 Qc7 16. Nd2 Bh5 17. Re1 Bg6 18. f3 Re6 19. Bxg6 hxg6 20. e4 Rae8
21. e5 Nd7 22. f4 Nb6 23. Nf3 Nxa4 24. Ng5 Na5 25. Qc2 Nb3 26. Qf2 f6 27. exf6 gxf6 28. Rxe6 Rxe6 29. Nxe6 Qd7 30. Qg3 Qxe6
31. Qxg6+ Kh8 32. Bf8 Qg8 33. Qxf6+ Kh7 34. Qh6#
1-0

[Event "Lions Cup Rotterdam"]
[Site "SchemingMind.com"]
[Date "2013.09.08"]
[Round "-"]
[White "ironchefnorse"]
[Black "A330"]
[Result "1-0"]
[WhiteCountry "USA"]
[BlackCountry "ENG"]
[WhiteElo "2447"]
[WhiteRD "99"]
[BlackElo "2047"]
[BlackRD "62"]
[GameID "337817"]

1. d4 Nf6 2. c4 e6 3. Nc3 Bb4 4. e3 O-O 5. Bd3 Nc6 6. Nf3 d5 7. O-O dxc4 8. Bxc4 Bd6 9. e4 e5 10. d5 Ne7
11. Bg5 Ng6 12. Nh4 Nxh4 13. Bxh4 a6 14. h3 b5 15. Bb3 Bc5 16. Qf3 Bd4 17. Rac1 Rb8 18. Ne2 Bxb2 19. Rc6 Rb6 20. Rd1 b4
21. Ng3 h6 22. Nh5 Bb7 23. Bxf6 gxf6 24. Qg4+
1-0

[Event "Lions Cup Rotterdam"]
[Site "SchemingMind.com"]
[Date "2013.09.08"]
[Round "-"]
[White "NYNH"]
[Black "ironchefnorse"]
[Result "0-1"]
[WhiteCountry "USA"]
[BlackCountry "USA"]
[WhiteElo "1947"]
[WhiteRD "68"]
[BlackElo "2447"]
[BlackRD "99"]
[GameID "337819"]

1. d4 d5 2. Nf3 Nf6 3. c4 e6 4. g3 dxc4 5. Bg2 Nc6 6. Qa4 Bb4+ 7. Bd2 Nd5 8. Bxb4 Nxb4 9. O-O Rb8 10. Na3 O-O
11. Qb5 b6 12. Qxc4 a5 13. Qc3 Ba6 14. Nc4 Nd5 15. Qc1 Nde7 16. Rd1 Qe8 17. Nfe5 Nxe5 18. Nxe5 Bxe2 19. Rd2 Bb5 20. Qxc7 Qd8
21. Qxd8 Rfxd8 22. Rc1 Rbc8 23. Rc3 f6 24. Nf3 Rxc3 25. bxc3 Nd5 26. Rb2 Nxc3 27. h4 Rd6 28. Rb3 Ne2+ 29. Kh2 Bc4 30. Rb2 Nxd4
31. Nxd4 Rxd4 32. Rxb6 Rd2 33. Kg1 Rxa2 34. Bf3 f5 35. Bh5 g6 36. Bf3 Ra1+ 37. Kh2 a4
0-1

[Event "Lions Cup Rotterdam"]
[Site "SchemingMind.com"]
[Date "2013.09.08"]
[Round "-"]
[White "A330"]
[Black "ironchefnorse"]
[Result "0-1"]
[WhiteCountry "ENG"]
[BlackCountry "USA"]
[WhiteElo "2047"]
[WhiteRD "62"]
[BlackElo "2447"]
[BlackRD "99"]
[GameID "337821"]

1. e4 c6 2. d4 d5 3. Nc3 dxe4 4. Nxe4 Bf5 5. Ng3 Bg6 6. Nf3 Nd7 7. Bd3 Ngf6 8. O-O e6 9. c4 Bd6 10. b3 O-O
11. Bxg6 hxg6 12. Ng5 Qc7 13. f4 Rad8 14. Be3 c5 15. N3e4 Nxe4 16. Nxe4 Nf6 17. Nxf6+ gxf6 18. d5 exd5 19. cxd5 Rfe8 20. Qd3 c4
21. Qxc4 Qxc4 22. bxc4 Rxe3 23. Rab1 b6 24. f5 Kg7 25. fxg6 fxg6 26. a4 Re4 27. Rfc1 Rc8 28. h3 Rexc4 29. Rd1 Rxa4 30. Kf1 Rc2
31. Re1 Rf4+ 32. Kg1 Rff2
0-1

[Event "Lions Cup Rotterdam"]
[Site "SchemingMind.com"]
[Date "2013.09.11"]
[Round "-"]
[White "michel"]
[Black "NYNH"]
[Result "1-0"]
[WhiteCountry "CAN"]
[BlackCountry "USA"]
[WhiteElo "2173"]
[WhiteRD "59"]
[BlackElo "1947"]
[BlackRD "68"]
[GameID "338034"]

1. e4 c5 2. Nf3 d6 3. Bb5+ Bd7 4. Bxd7+ Qxd7 5. O-O Nc6 6. c3 Nf6 7. Qe2 e6 8. d3 Be7 9. Nbd2 O-O 10. Ng5 h6
11. Nh3 e5 12. f4 d5 13. fxe5 Nxe5 14. exd5 Qxd5 15. Nf4 Qd6 16. Ne4 Nxe4 17. dxe4 Rad8 18. Nd5 Rfe8 19. Bf4 Bg5 20. Bxg5 hxg5
21. Rad1 Qb8 22. Qh5 Qc8 23. Qxg5 Kf8 24. Rf5 Qb8 25. Rd3 Nxd3 26. Qh5 f6 27. Nxf6 Ke7 28. Nxe8 Rxe8 29. Rf7+ Kd8 30. Qd5+
1-0

[Event "Lions Cup Rotterdam"]
[Site "SchemingMind.com"]
[Date "2013.09.11"]
[Round "-"]
[White "michel"]
[Black "ironchefnorse"]
[Result "1/2-1/2"]
[WhiteCountry "CAN"]
[BlackCountry "USA"]
[WhiteElo "2173"]
[WhiteRD "59"]
[BlackElo "2447"]
[BlackRD "99"]
[GameID "338035"]

1. e4 c6 2. d4 d5 3. exd5 cxd5 4. c4 Nf6 5. Nc3 e6 6. Nf3 Be7 7. cxd5 Nxd5 8. Bd3 Nc6 9. O-O O-O 10. Re1 Nf6
11. a3 b6 12. Bc2 Ba6 13. Bg5 Rc8 14. Qd2 Nd5 15. Rad1 Bxg5 16. Nxg5 h6 17. Nf3 Bc4 18. Re4 Qd6 19. Rg4 f5 20. Rg3 Rc7
21. Qe1 Nxc3 22. bxc3 Qxa3 23. Nd2 Ba2 24. Ra1 Qb2 25. Bd3 b5 26. Bxb5 Qxb5 27. Rxa2 Qd5 28. Ra4 e5 29. Rd3 exd4 30. cxd4=
1/2-1/2

[Event "Lions Cup Rotterdam"]
[Site "SchemingMind.com"]
[Date "2013.09.11"]
[Round "-"]
[White "michel"]
[Black "A330"]
[Result "1-0"]
[WhiteCountry "CAN"]
[BlackCountry "ENG"]
[WhiteElo "2173"]
[WhiteRD "59"]
[BlackElo "2047"]
[BlackRD "62"]
[GameID "338037"]

1. e4 e5 2. Nf3 Nc6 3. Nc3 Nf6 4. g3 Bb4 5. Bg2 Bxc3 6. bxc3 O-O 7. O-O Nxe4 8. Nxe5 Nxe5 9. Bxe4 d5 10. Bg2 c6
11. h3 Qa5 12. Re1 f6 13. d3 Qxc3 14. Rb1 Qa5 15. Bd2 Qa6 16. d4 Ng6 17. Bb4 Rd8 18. Bf1 b5 19. Bc5 Qa5 20. a4 bxa4
21. Re3 Qc7 22. Qf3 Rb8 23. Rbe1 Rb2 24. Bd3 Qb8 25. Re8+ Rxe8 26. Rxe8+ Kf7 27. Bxg6+ Kxg6 28. Qd3+ Kh6 29. Rh8 f5 30. Qe3+ Kg6
31. Qe8+ Kh6 32. Qg8 Rb1+ 33. Kg2 Kg6 34. Qxh7+ Kf6 35. Rf8+ Ke6 36. Qxf5#
1-0

[Event "Lions Cup Rotterdam"]
[Site "SchemingMind.com"]
[Date "2013.09.11"]
[Round "-"]
[White "NYNH"]
[Black "michel"]
[Result "0-1"]
[WhiteCountry "USA"]
[BlackCountry "CAN"]
[WhiteElo "1951"]
[WhiteRD "72"]
[BlackElo "2128"]
[BlackRD "59"]
[GameID "338039"]

1. d4 Nf6 2. c4 c5 3. d5 b5 4. cxb5 a6 5. b6 e6 6. Nc3 Bb7 7. e4 exd5 8. Nxd5 Nxd5 9. exd5 Qxb6 10. Nf3 Qb4+
11. Bd2 Qe4+ 12. Be2 Be7 13. O-O O-O 14. Re1 Qxd5 15. Rc1 Nc6 16. Bc4 Qf5 17. Bc3 Rae8 18. Qb3 Nd8 19. Re5 Qg6 20. Bd5 Bxd5
21. Qxd5 Ne6 22. Qxd7 Bf6 23. Qa4 Bxe5 24. Nxe5 Qg5 25. Re1 Nd4 26. Bxd4 Qf4 27. Qc4 cxd4 28. Nf3 Rxe1+ 29. Nxe1 Qd2 30. Kf1 Re8
31. g3 Qxe1+
0-1

[Event "Lions Cup Rotterdam"]
[Site "SchemingMind.com"]
[Date "2013.09.11"]
[Round "-"]
[White "ironchefnorse"]
[Black "michel"]
[Result "1-0"]
[WhiteCountry "USA"]
[BlackCountry "CAN"]
[WhiteElo "2447"]
[WhiteRD "99"]
[BlackElo "2173"]
[BlackRD "59"]
[GameID "338040"]

1. d4 Nf6 2. c4 c5 3. d5 b5 4. cxb5 a6 5. b6 e6 6. Nc3 Bb7 7. e4 exd5 8. exd5 d6 9. a4 a5 10. Bb5+ Nbd7
11. Nf3 Be7 12. O-O O-O 13. Nh4 Nxb6 14. Nf5 Nfxd5 15. Nxd5 Bxd5 16. Bf4 g6 17. Nxe7+ Qxe7 18. Re1 Qf6 19. Qd2 Rfc8 20. Red1 Qe6
21. Re1 Qf6 22. Red1 Qe6 23. h3 Bb3 24. Re1 Qf6 25. Qxd6 Qxd6 26. Bxd6 Ra7 27. Re4 f6 28. h4 c4 29. Rd4 Kf7= 30. Bf4 Re7
31. g4 Ra8 32. Bd2 Re5 33. f4 Re2 34. Bc6 Ra7 35. Bc3 Re6 36. Bg2 f5 37. Rd8
1-0

[Event "Lions Cup Rotterdam"]
[Site "SchemingMind.com"]
[Date "2013.09.11"]
[Round "-"]
[White "A330"]
[Black "michel"]
[Result "0-1"]
[WhiteCountry "ENG"]
[BlackCountry "CAN"]
[WhiteElo "2067"]
[WhiteRD "66"]
[BlackElo "2214"]
[BlackRD "58"]
[GameID "338042"]

1. c4 e5 2. Nc3 Nc6 3. g3 Nf6 4. Nf3 Bc5 5. Bg2 d6 6. d3 a6 7. a3 O-O 8. Bg5 h6 9. Bh4 g5 10. Nxg5 Bxf2+
11. Kf1 hxg5 12. Bxg5 Bd4 13. Ke1 e4 14. Rf1 Re8 15. Nxe4 Rxe4 16. dxe4 Qe7 17. Qc2 Be5 18. Rd1 Qe6 19. Rd3 Nh7 20. Be3 Bg7
21. c5 Ne5 22. Rd1 Qc4 23. Qd2 dxc5 24. Rc1 Qb3 25. Rxc5 Be6 26. Bd4 Rd8 27. Qc3 Rxd4 28. Qxd4 Nd7 29. e5 Nxc5 30. Qxc5 Qxb2
31. Kf2 Bxe5 32. Rd1 b5 33. Be4 Bd6 34. Qh5 Qf6+ 35. Kg2 Ng5 36. Bb7 Bh3+ 37. Kh1 Bxa3 38. e4 Be7 39. Qe2 Nf3 40. Qf2 a5
41. Rc1 a4 42. Bd5 Kg7 43. e5 Nxe5 44. Qxf6+ Kxf6 45. Rxc7 Be6 46. Be4 a3 47. Kg2 b4 48. h4 a2 49. Rc1 b3 50. Rf1+ Kg7
0-1

[Event "Lions Cup Rotterdam"]
[Site "SchemingMind.com"]
[Date "2013.09.12"]
[Round "-"]
[White "Ilang"]
[Black "michel"]
[Result "1/2-1/2"]
[WhiteCountry "HUN"]
[BlackCountry "CAN"]
[WhiteElo "2353"]
[WhiteRD "74"]
[BlackElo "2070"]
[BlackRD "61"]
[GameID "338202"]

1. d4 Nf6 2. c4 c5 3. d5 b5 4. cxb5 a6 5. bxa6 g6 6. Nc3 Bxa6 7. e4 Bxf1 8. Kxf1 d6 9. Nf3 Bg7 10. g3 O-O
11. Kg2 Nbd7 12. h3 Ra6 13. Bg5 h6 14. Bd2 Qa8 15. Re1 e6 16. dxe6 fxe6 17. Qc2 d5 18. exd5 Nxd5 19. Nxd5 exd5 20. Re7 Rxf3
21. Rxd7 d4 22. Qc4+ Kh7 23. Qd5 Qxd5 24. Rxd5 Rd3 25. Be1 Rb3 26. Rxc5 Rxb2 27. a4 d3 28. Rd1 Rxa4 29. Rxd3 Ra7 30. h4 h5
31. Rc6 Re2 32. Bd2 Bh6 33. Bxh6 Kxh6 34. Rdd6 Rg7 35. Rf6 Kh7=
1/2-1/2

[Event "Lions Cup Rotterdam"]
[Site "SchemingMind.com"]
[Date "2013.09.12"]
[Round "-"]
[White "Ilang"]
[Black "NYNH"]
[Result "1-0"]
[WhiteCountry "HUN"]
[BlackCountry "USA"]
[WhiteElo "2372"]
[WhiteRD "73"]
[BlackElo "1951"]
[BlackRD "72"]
[GameID "338203"]

1. d4 Nf6 2. c4 e6 3. Nf3 Bb4+ 4. Nc3 c5 5. e3 O-O 6. Bd3 Nc6 7. O-O d5 8. a3 Bxc3 9. bxc3 Qc7 10. h3 Re8
11. Rb1 b6 12. Bb2 Ba6 13. cxd5 Bxd3 14. Qxd3 exd5 15. dxc5 bxc5 16. c4 d4 17. exd4 cxd4 18. Nxd4 Ne5 19. Nb5 Qxc4 20. Qxc4 Nxc4
21. Bxf6 gxf6 22. Nc7 Nd2 23. Nxe8 Nxb1 24. Nxf6+ Kg7 25. Rxb1 Kxf6 26. Rb7 a5 27. Rb6+ Kg5 28. a4 h6 29. g3 f5 30. f4+ Kh5
31. Rf6
1-0

[Event "Lions Cup Rotterdam"]
[Site "SchemingMind.com"]
[Date "2013.09.17"]
[Round "-"]
[White "Ilang"]
[Black "ironchefnorse"]
[Result "0-1"]
[WhiteCountry "HUN"]
[BlackCountry "USA"]
[WhiteElo "2334"]
[WhiteRD "66"]
[BlackElo "2447"]
[BlackRD "99"]
[GameID "338204"]

1. d4 d5 2. c4 c6 3. Nf3 Nf6 4. g3 Bf5 5. Bg2 e6 6. O-O h6 7. Qb3 Qb6 8. c5 Qa6 9. Nc3 b6 10. cxb6 axb6
11. Ne5 Be7 12. a4 O-O 13. Bf4 Qb7 14. Rfc1 Rc8 15. a5 b5 16. Nd1 Nbd7 17. Nxd7 Nxd7 18. Bd2 b4 19. Ne3 Bg6 20. Nc2 c5
21. Qa4 Ra7 22. a6 Qa8 23. e4 Bxe4 24. Bxe4 dxe4 25. Be3 Rb8 26. dxc5 Nxc5 27. Bxc5 Bxc5 28. Qa5 Bb6 29. Qe5 Rd7 30. Qf4 b3
31. Ne3 Bd4 32. Nc4 Rc8 33. Qd2 Rc6 34. Qb4 Qa7 35. Kg2 Rdc7 36. Qxb3 Bxf2 37. Ra4 Bd4 38. Rca1 e3 39. h4 e5 40. Qb5 e2
41. Nxe5 Bxe5 42. Qxe5 Re6 43. Qa5 Rf6 44. Kh3 Rf1 45. Re1 Qa8
0-1

[Event "Lions Cup Rotterdam"]
[Site "SchemingMind.com"]
[Date "2013.09.12"]
[Round "-"]
[White "Ilang"]
[Black "erobeno"]
[Result "1-0"]
[WhiteCountry "HUN"]
[BlackCountry "TUR"]
[WhiteElo "2353"]
[WhiteRD "74"]
[BlackElo "2039"]
[BlackRD "64"]
[GameID "338205"]

1. d4 d5 2. c4 e6 3. Nf3 Nf6 4. g3 Bb4+ 5. Bd2 a5 6. a3 Bxd2+ 7. Nbxd2 Nc6 8. e3 O-O 9. Rc1 Re8 10. Bg2 a4
11. O-O Qd6 12. Qc2 Bd7 13. Rfd1 h6 14. Ne1 Red8 15. Nd3 Ra7 16. Nf3 dxc4 17. Qxc4 b6 18. Nfe5 Na5 19. Qc2 Nb3 20. Rb1 c5
21. Nxd7 Raxd7 22. Ne5 cxd4 23. Nxd7 Qxd7 24. Qc6 d3 25. Qxd7 Rxd7 26. Bc6 Rd8 27. Bxa4 Nc5 28. Bb5 d2 29. f3 Nb3 30. Bc4 Na5
31. b3 Nxc4 32. bxc4 Rd3 33. Kf2 Nd7 34. a4 Ra3 35. Ra1 Rc3 36. Rxd2 Nc5 37. a5 bxa5 38. Rxa5 Rxc4 39. Rd8+ Kh7 40. Ra7 f5
41. Kg2
1-0

[Event "Lions Cup Rotterdam"]
[Site "SchemingMind.com"]
[Date "2013.09.12"]
[Round "-"]
[White "Ilang"]
[Black "A330"]
[Result "1-0"]
[WhiteCountry "HUN"]
[BlackCountry "ENG"]
[WhiteElo "2334"]
[WhiteRD "66"]
[BlackElo "2047"]
[BlackRD "62"]
[GameID "338206"]

1. d4 Nf6 2. c4 e6 3. Nf3 b6 4. g3 Bb7 5. Bg2 g6 6. O-O Bg7 7. Qc2 O-O 8. Nc3 d5 9. cxd5 Nxd5 10. Nxd5 exd5
11. Bf4 Na6 12. Rac1 c5 13. Qd2 Qe7 14. b3 Nc7 15. Be5 f6 16. Bxc7 Qxc7 17. dxc5 bxc5 18. Ne1 Qd6 19. Nd3 Rac8 20. Nxc5 Ba8
21. Nd3 f5 22. Rxc8 Rxc8 23. Rc1 Rd8 24. a4 Rb8 25. Qa5 a6 26. Qc7 Bf8 27. Qa7 Qb6 28. Qxb6 Rxb6 29. Rc8 Bb7 30. Rb8 Rxb3
31. Rxb7 Ra3 32. Bxd5+ Kh8 33. Ne5 Rxa4 34. Nf7+ Kg7 35. Ng5+ Kf6 36. f4 Bc5+ 37. Kg2 Be7 38. Nxh7+
1-0

[Event "Lions Cup Rotterdam"]
[Site "SchemingMind.com"]
[Date "2013.09.12"]
[Round "-"]
[White "michel"]
[Black "Ilang"]
[Result "1/2-1/2"]
[WhiteCountry "CAN"]
[BlackCountry "HUN"]
[WhiteElo "2128"]
[WhiteRD "59"]
[BlackElo "2372"]
[BlackRD "73"]
[GameID "338208"]

1. e4 e6 2. Qe2 c5 3. g3 Nc6 4. c3 Be7 5. Bg2 e5 6. d3 d6 7. f4 Nf6 8. Nf3 b5 9. O-O O-O 10. Na3 Rb8
11. Nc2 b4 12. Ne3 bxc3 13. bxc3 exf4 14. gxf4 Be6 15. Qc2 Qc7 16. Ng5 Bc8 17. Bd2 Bd8 18. Rae1 h6 19. Nf3 Ne7 20. f5 Bb7
21. c4 Nc6 22. a3 Nd4 23. Qd1 Re8 24. Nxd4 cxd4 25. Nc2 Qc5 26. Kh1 a5 27. Rg1 Kf8 28. Re2 Nd7 29. Be1 Ne5 30. Bf2 Nc6
31. Qa1 Bf6 32. Rb1 Ba6 33. Ree1 Rxb1 34. Rxb1 Re7 35. Bf3 Kg8 36. Ne1 Kh7 37. Kg1 g6 38. Bg4 h5 39. fxg6+ fxg6 40. Bh3 Rc7
41. Be6 Qg5+ 42. Ng2 Ne5 43. Rf1 Qd2 44. Be1=
1/2-1/2

[Event "Lions Cup Rotterdam"]
[Site "SchemingMind.com"]
[Date "2013.09.12"]
[Round "-"]
[White "NYNH"]
[Black "Ilang"]
[Result "0-1"]
[WhiteCountry "USA"]
[BlackCountry "HUN"]
[WhiteElo "1951"]
[WhiteRD "72"]
[BlackElo "2372"]
[BlackRD "73"]
[GameID "338209"]

1. d4 d5 2. Nf3 Nf6 3. c4 c6 4. cxd5 cxd5 5. Nc3 a6 6. Bf4 Nc6 7. Rc1 Bf5 8. e3 e6 9. Qb3 Bb4 10. Ne5 Qe7
11. Nxc6 bxc6 12. a3 Bd6 13. Bxd6 Qxd6 14. Na4 O-O 15. Qb6 Rfc8 16. Qc5 Qd8 17. f3 Nd7 18. Qc3 e5 19. dxe5 Qh4+ 20. g3 Qxa4
0-1

[Event "Lions Cup Rotterdam"]
[Site "SchemingMind.com"]
[Date "2013.09.17"]
[Round "-"]
[White "ironchefnorse"]
[Black "Ilang"]
[Result "1/2-1/2"]
[WhiteCountry "USA"]
[BlackCountry "HUN"]
[WhiteElo "2422"]
[WhiteRD "111"]
[BlackElo "2372"]
[BlackRD "73"]
[GameID "338210"]

1. d4 d5 2. c4 c6 3. Nf3 Nf6 4. e3 e6 5. Nc3 Nbd7 6. Bd3 dxc4 7. Bxc4 b5 8. Bd3 Bb7 9. e4 b4 10. Na4 c5
11. e5 Nd5 12. Nxc5 Nxc5 13. dxc5 Bxc5 14. O-O h6 15. Qa4+ Ke7 16. Ba6 Bxa6 17. Qxa6 Qb6 18. Qc4 Rhd8 19. Qe4 Kf8 20. Qh7 Ne7
21. Bxh6 gxh6 22. Qxh6+ Ke8 23. Ng5 Ng6=
1/2-1/2

[Event "Lions Cup Rotterdam"]
[Site "SchemingMind.com"]
[Date "2013.09.12"]
[Round "-"]
[White "erobeno"]
[Black "Ilang"]
[Result "0-1"]
[WhiteCountry "TUR"]
[BlackCountry "HUN"]
[WhiteElo "2039"]
[WhiteRD "64"]
[BlackElo "2353"]
[BlackRD "74"]
[GameID "338211"]

1. c4 e5 2. Nc3 Nf6 3. g3 d5 4. cxd5 Nxd5 5. Bg2 Nb6 6. Nf3 Nc6 7. O-O Be7 8. d3 O-O 9. Be3 Be6 10. b3 f6
11. Ne4 Nd4 12. Rc1 Re8 13. Nc5 Bxc5 14. Rxc5 c6 15. Bxd4 exd4 16. Qa1 Bg4 17. Qb2 Qd6 18. Rfc1 Rad8 19. h3 Be6 20. Ra5 a6
21. a3 Bf7 22. h4 Na8 23. Rac5 Nc7 24. a4 Ne6 25. R5c2 a5 26. Rb1 c5 27. Nd2 Qa6 28. Qc1 b6 29. Nc4 Qa7 30. Bf3 Nc7
31. h5 h6 32. Qf4 Nd5 33. Qg4 Nc3 34. Ra1 Be6 35. Qh4 Qe7 36. Bc6 Rf8 37. Bf3 Nd5 38. Kh2 Qc7 39. Qe4 Rde8 40. Rd2 Re7
41. Qh4 Rfe8 42. Re1 Qb8 43. e4 dxe3 44. fxe3 Bf7 45. Be4 Nc3 46. Bg6 Bxg6 47. hxg6 Nd5 48. e4 Nb4 49. Qf4 Nc6 50. Rf1 Re6
51. Qf5 Nd4 52. Qh5 R8e7 53. Qd5 Kh8 54. Qh5 Rd7 55. Qg4 Kg8 56. Rb2 Qe8 57. Kh3 Nc6 58. Rd2 Rd8 59. Rff2 Ne5 60. Nxe5 fxe5
61. Rf7 Rdd6 62. Qd1 Rxg6 63. Rf5 Rgf6 64. Rxf6 Rxf6 65. Kg2 Qf7 66. Rb2 h5 67. Qh1 Rf3 68. Qd1 Re3 69. Rf2 Qg6
0-1

[Event "Lions Cup Rotterdam"]
[Site "SchemingMind.com"]
[Date "2013.09.12"]
[Round "-"]
[White "A330"]
[Black "Ilang"]
[Result "0-1"]
[WhiteCountry "ENG"]
[BlackCountry "HUN"]
[WhiteElo "2047"]
[WhiteRD "62"]
[BlackElo "2334"]
[BlackRD "66"]
[GameID "338212"]

1. c4 e5 2. Nc3 Nf6 3. Nf3 Nc6 4. e3 Bb4 5. Qc2 Bxc3 6. Qxc3 d6 7. d3 O-O 8. Be2 Bg4 9. h3 Bh5 10. g4 Bg6
11. e4 a5 12. Be3 h6 13. g5 hxg5 14. Nxg5 Bh5 15. Bxh5 Nxh5 16. O-O-O Qf6 17. h4 Nd4 18. Bxd4 exd4 19. Qc2 a4 20. a3 Nf4
21. Rhf1 Rfb8 22. Rd2 b5 23. cxb5 Rxb5 24. Kb1 c5 25. Qc4 Rab8 26. Qxa4 Nxd3 27. Rxd3 Rxb2+ 28. Ka1 d5 29. Qa7 dxe4 30. Rdd1 R2b7
31. Nxe4 Qe5 32. Qxc5 Rb3 33. Ka2 Qxe4 34. Rxd4 Rb2+
0-1

[Event "Lions Cup Rotterdam"]
[Site "SchemingMind.com"]
[Date "2013.09.12"]
[Round "-"]
[White "soikins"]
[Black "Ilang"]
[Result "1/2-1/2"]
[WhiteCountry "LAT"]
[BlackCountry "HUN"]
[WhiteElo "2218"]
[WhiteRD "87"]
[BlackElo "2334"]
[BlackRD "66"]
[GameID "338213"]

1. d4 d5 2. Nf3 Nf6 3. e3 c6 4. Bd3 Bg4 5. c4 dxc4 6. Bxc4 e6 7. O-O Bd6 8. h3 Bh5 9. Nc3 Nbd7 10. e4 e5
11. d5 Nb6 12. dxc6 Bxf3 13. Qxf3 Nxc4 14. Rd1 bxc6 15. Qd3 Qb6 16. Qxc4 Bc5 17. Qe2 Bd4 18. Bg5 Nd7 19. Rac1 Nc5 20. b3 Ne6
21. Bh4 O-O 22. Qg4 Qa5 23. Na4 c5 24. Rc4 Rab8 25. Rc2=
1/2-1/2

[Event "Lions Cup Rotterdam"]
[Site "SchemingMind.com"]
[Date "2013.09.14"]
[Round "-"]
[White "Orange Lion"]
[Black "Ilang"]
[Result "1-0"]
[WhiteCountry "NED"]
[BlackCountry "HUN"]
[WhiteElo "2426"]
[WhiteRD "101"]
[BlackElo "2334"]
[BlackRD "66"]
[GameID "338332"]

1. c4 e5 2. Nc3 Nf6 3. Nf3 Nc6 4. g3 Bc5 5. Bg2 d6 6. d3 h6 7. O-O O-O 8. a3 a6 9. b4 Ba7 10. Bb2 Be6
11. Nd2 Rb8 12. Nd5 Bf5 13. Rc1 Bd4 14. Bxd4 Nxd4 15. Nxf6+ Qxf6 16. Ne4 Qe7 17. e3 Ne6 18. Nc3 Qd7 19. f4 exf4 20. gxf4 c5
21. e4 Bh7 22. f5 Nd4 23. f6 g6 24. Nd5 Kh8 25. Rf2 b6 26. Rb1 b5 27. Rc1 a5 28. cxb5 axb4 29. a4 Qa7 30. Ne7 Rfe8
31. Rc4 Ra8 32. e5 Qxa4 33. Qxa4 Rxa4 34. exd6 Ra1+ 35. Rf1 Rxf1+ 36. Bxf1 Rd8 37. Rxc5 Ne6 38. Rc4 Rxd6 39. Nc8 Rd7 40. Rxb4 Nd8
41. b6 g5 42. d4 Bf5 43. Bb5 Rb7 44. Nd6 Rxb6 45. Nxf5 Kh7 46. Ne7 Rxf6 47. Bd3+ Kh8 48. Rb8 Rd6 49. d5 Rd7 50. Nc6 Rxd5
51. Rxd8+ Rxd8 52. Nxd8 Kg7 53. Kf2 Kf8 54. Nc6 Kg7 55. Kf3
1-0

[Event "Lions Cup Rotterdam"]
[Site "SchemingMind.com"]
[Date "2013.09.14"]
[Round "-"]
[White "Orange Lion"]
[Black "NYNH"]
[Result "1-0"]
[WhiteCountry "NED"]
[BlackCountry "USA"]
[WhiteElo "2426"]
[WhiteRD "101"]
[BlackElo "1947"]
[BlackRD "68"]
[GameID "338334"]

1. c4 e5 2. Nc3 Nf6 3. Nf3 Nc6 4. g3 d5 5. cxd5 Nxd5 6. Bg2 Nb6 7. O-O Be7 8. d3 O-O 9. Be3 Be6 10. d4 exd4
11. Nxd4 Nxd4 12. Bxd4 c6 13. b3 Qd7 14. Qd3 Bf5 15. Qe3 Rfe8 16. Rad1 Qc7 17. Qc1 Rad8 18. e4 Be6 19. Ne2 c5 20. Be3 Qc8
21. Nf4 Bg4 22. Rxd8 Rxd8 23. h3 Bd7 24. Qa3 Re8 25. Qxa7 Bd8 26. Rc1 Bc7 27. Rxc5 Qb8 28. Qxb8 Bxb8 29. Nh5 Bc6 30. Rg5 Be5
31. f4 Bb2 32. e5 Bxg2 33. Bxb6 Bxh3 34. Nf6+ Kf8 35. Bc5+ Re7 36. Bxe7+ Kxe7 37. Rxg7 Bf5 38. Rg8 Bd7 39. Nxd7 Kxd7 40. Rg7
1-0

[Event "Lions Cup Rotterdam"]
[Site "SchemingMind.com"]
[Date "2013.09.19"]
[Round "-"]
[White "Orange Lion"]
[Black "ironchefnorse"]
[Result "1/2-1/2"]
[WhiteCountry "NED"]
[BlackCountry "USA"]
[WhiteElo "2426"]
[WhiteRD "101"]
[BlackElo "2447"]
[BlackRD "99"]
[GameID "338335"]

1. c4 e5 2. Nc3 Nf6 3. Nf3 Nc6 4. g3 Bb4 5. Bg2 O-O 6. O-O Re8 7. d3 d6 8. Nd2 a5 9. Nde4 Nxe4 10. Nxe4 Bg4
11. a3 Bc5 12. Nxc5 dxc5 13. Bxc6 bxc6 14. Re1 e4 15. Bf4 exd3 16. Qxd3 Rxe2 17. Qxd8+ Rxd8 18. Rxe2 Bxe2 19. Re1=
1/2-1/2